Vanity fierce /

Enregistré dans:
Détails bibliographiques
Auteur principal: Aitken, Graeme
Format: Livre
Langue:anglais
Publié: London : Review, 1998
Tags: Ajouter un tag
Pas de tags, Soyez le premier à ajouter un tag!

MARC

LEADER 00000nam a22000007i 4500
001 IT\ICCU\UBO\4179638
003 ItRI
005 20260115231820.0
008 160421s1998 xxk|||||| ||||| |||||c
020 |a 0747276498 
040 |b ita  |c importazione bologna sebina 
041 7 |a eng  |2 ISO-639-2 
100 1 |a Aitken, Graeme  |0 IT\ICCU\UTOV\414014 
240 1 0 |a Vanity fierce  |3 IT\ICCU\UBO\4179642  |9 Aitken, Graeme 
245 1 0 |a Vanity fierce /  |c Graeme Aitken. 
260 |a London :  |b Review,  |c 1998 
300 |a 408 p. ;  |c 22 cm 
942 |2 ddc  |c BK  |n 0 
952 |0 0  |1 0  |4 0  |6 DOC_823_920000000000000_AIT  |7 0  |9 13404  |a BO  |b BO  |d 2026-01-15  |i 18037  |l 0  |o DOC 823.92 AIT  |p BO18037  |r 2026-01-15 23:18:20  |w 2026-01-15  |x [Sebina 5] [1 v.]  |y BK  |z 1 v. 
999 |c 11517  |d 11517